LEADER 00816nam a2200205 i 4500 001 000000155614 003 CaOOAMICUS 005 20061115000000.0 008 061115s1914 it u000 u ita u 013 $a132968 040 $aSeMil$bita 100 1 $aRomagnoli, Ettore.$0(OLS)http://semarc/name/5206 245 10$aDrammi satireschi :$bPolifemo, Èracle e il Cèrcopo, Elena, Sisifo /$cEttore Romagnoli. 260 $aMilano :$bFratelli Treves,$c1914. 300 $a252 p. ;$c19 cm. 850 $aSeMil 852 $aSeMil$W1$xVenegono$y1$m1B II 138$j107445$B107445$CSeMilBibl$Z2$F116874 $81 961 $aRecupero: Altro 996 $6245$aDrammi satireschi :$bPolifemo, Èracle e il Cèrcopo, Elena, Sisifo$9(OLS)http://semarc/title/227940 996 $6260$aMilano :$bFratelli Treves$9(OLS)http://semarc/publisher/30212 LEADER 01447nam a2200313 i 4500 001 000000136786 003 CaOOAMICUS 005 20250911112458.0 008 050331s2004 it u000 u ita u 013 $a110505 020 $a88-464-5879-6 040 $aSeMil$bita 110 2 $aFondazione Culturale Ambrosianeum$c.$0(OLS)http://semarc/name/3900 245 10$aMilano 2004 :$brapporto sulla città /$cFondazione Ambrosianeum ; a cura di Eugenio Zucchetti ; presentazione di Marco Garzonio ; scritti di P. Bassetti ... [et al.]. 260 $aMilano :$bFranco Angeli,$ccopyr. 2004. 300 $a216 p. :$bill., tabelle e grafici ;$c23 cm. 490 0 $aIl punto ;$v54 650 4$aMilano - Rapporti informativi.$0(OLS)http://semarc/subject/6022 700 1 $aZucchetti, Eugenio <1951-2009>.$0(OLS)http://semarc/name/20814 700 1 $aBassetti, Piero.$0(OLS)http://semarc/name/15762 700 1 $aGarzonio, Marco,$d<1939- >.$0(OLS)http://semarc/name/15988 830 3$aIl punto ;$v54.$0(OLS)http://semarc/title/7071 850 $aSeMil 852 $aSeMil$W1$xVenegono$y1$m3O II 183$j90371$B90371$CSeMilBibl$Z2$F95535 $81 961 $aOmaggio: Bressan don Luca 996 $6020$a88-464-5879-6$9(OLS)http://semarc/number/124366 996 $6245$aMilano 2004 :$brapporto sulla città$9(OLS)http://semarc/title/199863 996 $6260$aMilano :$bFranco Angeli$9(OLS)http://semarc/publisher/30369